000 00842nas a2200253 454500
001 35620
005 20260407193509.0
008 260407s1974####ag###########|||spa#d
003 AR-UNSa-BCEJYS
040 _aAR-UNSa-BCEJYS
_bspa
_cAR-UNSa-BCEJYS
080 _a339.7
_xFinanzas Internacionales
245 1 0 _aBoletin del FMI
_nIMF Survey
022 _a0250-7240
264 1 _aWashington :
_bFondo Monetario Internacional
_c1974
310 _aFrecuencia: Quincenal
041 _aspa
942 _cSER
590 _aniveau_biblio:s niveau_hierar:1
100 1 _aFondo Monetario Internacional
650 _aSistema monetario internacional
650 _aRelaciones económicas internacionales
650 _aFINANZAS INTERNACIONALES
856 4 1 _uhttps://biblioeco.unsa.edu.ar/pmb/images/revistas/boletinDlFMI.jpg
_yImagen de portada
_qimage/jpeg
999 _c8771
_d8771